| Tag |
First Indicator |
Second Indicator |
Subfields |
| LEADER |
00000cam a2200000 4500 |
| 001 |
in00000055689 |
| 005 |
20151008052303.0 |
| 008 |
711201s1953 wiu 00000 eng u |
| 010 |
|
|
|a 53000744
|
| 035 |
|
|
|a (OCoLC)00177325
|
| 035 |
|
|
|9 AAH2630AM
|
| 040 |
|
|
|c WSU
|d TXA
|d UtOrBLW
|
| 049 |
|
|
|a TXAM
|c 1 [215909]
|
| 050 |
|
0 |
|a LB875
|b .F533
|
| 092 |
|
|
|a 370.1
|b F559p
|
| 100 |
1 |
|
|a Fitzpatrick, Edward A.
|q (Edward Augustus),
|d 1884-1960.
|
| 245 |
1 |
0 |
|a Philosophy of education.
|
| 264 |
|
1 |
|a Milwaukee :
|b Bruce,
|c [1953]
|
| 300 |
|
|
|a 477 pages
|
| 336 |
|
|
|a text
|b txt
|2 rdacontent
|
| 337 |
|
|
|a unmediated
|b n
|2 rdamedia
|
| 338 |
|
|
|a volume
|b nc
|2 rdacarrier
|
| 610 |
2 |
0 |
|a Catholic Church
|x Education.
|
| 650 |
|
0 |
|a Education
|x Philosophy.
|
| 999 |
|
|
|a MARS
|
| 999 |
f |
f |
|s 94a46b6f-c669-3ca2-b51c-c705d88c9714
|i c7149562-44a6-30db-9b2c-0382e9d7460e
|t 0
|
| 952 |
f |
f |
|p normal
|a Texas A&M University
|b College Station
|c Sterling C. Evans Library
|d Evans: Library Stacks
|t 0
|e LB875 .F533
|h Library of Congress classification
|i unmediated -- volume
|m A14800818395
|
| 998 |
f |
f |
|a LB875 .F533
|t 0
|l Evans: Library Stacks
|